| 000 | 01205nam a2200265 i 4500 | ||
|---|---|---|---|
| 001 | 000035273 | ||
| 003 | DO-SdBNP | ||
| 005 | 20250129172553.0 | ||
| 007 | ta | ||
| 008 | 111027s2003 dr r 000 0 spa d | ||
| 040 |
_aDO-SdBNP _bspa _cBNPHU _erda |
||
| 082 | 4 |
_bH519m _222 |
|
| 100 | 1 |
_aHenríquez Gratereaux, Federico, _d1937- _eautor _92003 |
|
| 245 | 1 | 0 |
_aLa muerte y los hechos / _b _cFederico Henríquez Gratereaux |
| 264 |
_aSanto Domingo : _b Alfa y Omega, _c2003 |
||
| 300 |
_a39 paginas . ; _c23 cm. |
||
| 336 |
_2rdacontent _atexto _btxt |
||
| 337 |
_2rdamedia _asin mediación _bn |
||
| 338 |
_2rdacarrier _avolumen _bnc |
||
| 505 | _aLa muerte y los hechos 7|Endeudamiento : trauma colectivo 9|El prejuicio del color 11|Conocedor de la historia 13|La moda de las dictaduras 15|Oratoria y periodismo 17|Gobernantes para cada país 21|La confederación domínico-haitiana 23|Política global 25|El deguello de Moca y el corte 27|Debe ser y poder ser 29|Político a toda hora 31|Ascetismo y disciplina 33|Miltiplicación de los panes 35|Los males de la República 37 | ||
| 590 | _aInventariado, 2023/DG | ||
| 650 | 4 |
_aPrensa _zRepública Dominicana _977265 |
|
| 910 | _aDG | ||
| 942 |
_2ddc _cLF2 |
||
| 999 |
_c55015 _d55015 |
||